Připravenost odvětví českého průmyslu na vstup do Evropské unie

Pripravenosť podnikov českého priemyslu na vstup do Európskej únie. Stručná analýza priemyselných odvetví. V závere sa konštatuje, že ČR je na vstup do EÚ dobre pripravená. ČR zatiaľ ťaží z nízkych mzdových nákladov. Táto výhoda sa však po vstupe bude znižovať. Jednotlivé odvetvia sa musia v budúcno...

Celý popis

Uložené v:
Podrobná bibliografia
Hlavný autor: Krause, Josef
Médium: Kapitola
Jazyk:Czech
Predmet:
Tagy: Pridať tag
Žiadne tagy, Buďte prvý, kto otaguje tento záznam!

MARC

LEADER 00000naa$a2200000$$$4500
001 0014334
005 20221207104953.0
041 0 |a cze 
044 |a SK 
245 1 0 |a Připravenost odvětví českého průmyslu na vstup do Evropské unie  |c aut. Josef Krause 
520 |a Pripravenosť podnikov českého priemyslu na vstup do Európskej únie. Stručná analýza priemyselných odvetví. V závere sa konštatuje, že ČR je na vstup do EÚ dobre pripravená. ČR zatiaľ ťaží z nízkych mzdových nákladov. Táto výhoda sa však po vstupe bude znižovať. Jednotlivé odvetvia sa musia v budúcnosti zamerať na výrobky s vyššou pridanou hodnotou. To priamo súvisí s rozvojom vývoja a výskumu, ktorý je v súčasnosti často na nízkej úrovni. 
610 2 0 |a odvetvia priemyselné 
610 2 0 |a priemysel 
610 2 0 |a Česko 
610 2 0 |a Európska únia 
100 1 |a Krause, Josef